| 000 | 00698nam a2200169 a 4500 | ||
|---|---|---|---|
| 008 | 070605s2007 ||||||||||||||||| || u | ||
| 050 | _aNEWSPAPER | ||
| 110 | _aThe Post Newspapers | ||
| 245 | 1 | 0 |
_aUNZA students issue warning over lectuturs' impending strike _cstory by Patson Chilemba |
| 260 |
_aLusaka _bThe Post Newspapers _c2007 |
||
| 300 | _app.5, MIDDLE | ||
| 350 | _a0.00 | ||
| 500 | _aSunday Post, June3, 2007. | ||
| 650 | _aMANAGEMENT INFORMATION SYSTEMS | ||
| 650 | _aUNIVERSITIES AND COLLEGES--ZAMBIA--CONDITIONS OF SERVICE | ||
| 995 |
_D0.00 _FCBU-MAIN LIBRARY (Kitwe) _H1 _I0.00 _M1 _UAVAILABLE _WJun 5, 2007 _ZUniversity Collection |
||
| 999 |
_c60949 _d60949 |
||